Comuni della Lombardia - Quiz n°1 - Statistics

Statistiche generali
  • Questo quiz è stato fatto 27 volte
  • Il punteggio medio è 61 su 243
Statistiche sulle risposte
Provincia Comune % Corretto
Bergamo
78%
Dalmine
67%
Treviglio
67%
Almé
61%
Albino
56%
Clusone
56%
Zanica
56%
Zogno
56%
Albano Sant'Alessandro
50%
Arcene
50%
Brembate
50%
Calcio
50%
Foppolo
50%
Lovere
50%
Seriate
50%
Treviolo
50%
Antegnate
44%
Calcinate
44%
Curno
44%
Gorle
44%
Isso
44%
Orio al Serio
44%
Osio Sopra
44%
Osio Sotto
44%
Pedrengo
44%
Ponteranica
44%
Romano di Lombardia
44%
Rovetta
44%
Trescore Balneario
44%
Urgnano
44%
Verdellino
44%
Verdello
44%
Almenno San Bartolomeo
39%
Almenno San Salvatore
39%
Alzano Lombardo
39%
Azzano San Paolo
39%
Bolgare
39%
Brusaporto
39%
Covo
39%
Fara Gera d'Adda
39%
Gandino
39%
Lallio
39%
Martinengo
39%
Mozzanica
39%
Oltre il Colle
39%
Piazza Brembana
39%
San Pellegrino Terme
39%
Stezzano
39%
Terno d'Isola
39%
Bergamo Adrara San Martino
33%
Arzago d'Adda
33%
Bagnatica
33%
Bariano
33%
Brignano Gera d'Adda
33%
Casazza
33%
Cene
33%
Chiuduno
33%
Cisano Bergamasco
33%
Cividate al Piano
33%
Bergamo Cortenuova
33%
Gromo
33%
Leffe
33%
Levate
33%
Lurano
33%
Nembro
33%
Paladina
33%
Ponte San Pietro
33%
Pradalunga
33%
San Paolo d'Argon
33%
Sarnico
33%
Scanzorosciate
33%
Selvino
33%
Serina
33%
Sorisole
33%
Adrara San Rocco
28%
Ambivere
28%
Ardesio
28%
Bonate Sopra
28%
Bonate Sotto
28%
Bottanuco
28%
Caravaggio
28%
Carona
28%
Ciserano
28%
Costa di Mezzate
28%
Fontanella
28%
Ghisalba
28%
Grassobbio
28%
Grumello del Monte
28%
Lenna
28%
Medolago
28%
Mezzoldo
28%
Misano di Gera d'Adda
28%
Morengo
28%
Mozzo
28%
Onore
28%
Palazzago
28%
Palosco
28%
Peia
28%
Ranica
28%
Roncobello
28%
Sotto il Monte Giovanni XXIII
28%
Spirano
28%
Taleggio
28%
Valbondione
28%
Valbrembo
28%
Vertova
28%
Villa d'Almé
28%
Villa di Serio
28%
Averara
22%
Aviatico
22%
Berbenno
22%
Boltiere
22%
Bracca
22%
Brumano
22%
Calusco d'Adda
22%
Capriate San Gervasio
22%
Caprino Bergamasco
22%
Casirate d'Adda
22%
Castione della Presolana
22%
Cenate Sopra
22%
Cenate Sotto
22%
Comun Nuovo
22%
Costa Volpino
22%
Cusio
22%
Entratico
22%
Fara Olivana con Sola
22%
Fino del Monte
22%
Fornovo San Giovanni
22%
Gandosso
22%
Gazzaniga
22%
Gorlago
22%
Luzzana
22%
Mapello
22%
Mornico al Serio
22%
Oneta
22%
Parre
22%
Bergamo Piazzatorre
22%
Pognano
22%
Ponte Nossa
22%
Pontida
22%
Sovere
22%
Tavernola Bergamasca
22%
Torre Boldone
22%
Torre de' Busi
22%
Torre de' Roveri
22%
Valgoglio
22%
Valleve
22%
Vilminore di Scalve
22%
Zandobbio
22%
Algua
17%
Barbata
17%
Barzana
17%
Bedulita
17%
Berzo San Fermo
17%
Bossico
17%
Calvenzano
17%
Camerata Cornello
17%
Carobbio degli Angeli
17%
Carvico
17%
Casnigo
17%
Castelli Calepio
17%
Castel Rozzone
17%
Castro
17%
Cerete
17%
Chignolo d'Isola
17%
Colere
17%
Colzate
17%
Cornalba
17%
Endine Gaiano
17%
Filago
17%
Fiorano al Serio
17%
Fonteno
17%
Foresto Sparso
17%
Gaverina Terme
17%
Isola di Fondra
17%
Monasterolo del Castello
17%
Montello
17%
Ornica
17%
Presezzo
17%
Pumenengo
17%
Riva di Solto
17%
Rogno
17%
Roncola
17%
Santa Brigida
17%
Sant'Omobono Terme
17%
Sedrina
17%
Solto Collina
17%
Solza
17%
Songavazzo
17%
Spinone al Lago
17%
Strozza
17%
Suisio
17%
Telgate
17%
Val Brembilla
17%
Azzone
11%
Blello
11%
Borgo di Terzo
11%
Branzi
11%
Cazzano Sant'Andrea
11%
Corna Imagna
11%
Costa Serina
11%
Dossena
11%
Fuipiano Valle Imagna
11%
Gorno
11%
Moio de' Calvi
11%
Olmo al Brembo
11%
Oltressenda Alta
11%
Pagazzano
11%
Predore
11%
Premolo
11%
Ranzanico
11%
Rota d'Imagna
11%
Schilpario
11%
Torre Pallavicina
11%
Valnegra
11%
Valtorta
11%
Villa d'Adda
11%
Villa d'Ogna
11%
Bianzano
6%
Brambate di Sopra
6%
Capizzone
6%
Cassiglio
6%
Cavarnago
6%
Costa Valle Imagna
6%
Credaro
6%
Locatello
6%
Parzanica
6%
Pianico
6%
Piario
6%
San Giovanni Bosco
6%
Ubiale Clanezzo
6%
Vedeseta
6%
Canonina d'Adda
0%
Cividate al Serio
0%
Gandellno
0%
Grone
0%
Madona
0%
Piazzolo
0%
Pontirolo Nuoco
0%
Viadanica
0%
Vigano San Martino
0%
Vigolo
0%
Villogno
0%
Nessun quiz corrispondente trovato
Distribuzione punteggi
Percentuale di utenti per punteggio
Percentile per numero di risposta
I tuoi punteggi nel tempo
Non hai fatto questo quiz